| 000 | 01136nam a2200301 i 4500 | ||
|---|---|---|---|
| 001 | bg | ||
| 100 | 1 | _aBREALEY, Richard A. | |
| 245 | 1 | 0 |
_aPodstawy finansów przedsiębiorstw. / _cRichard A. Brealey, Stewart C. Myers ; przekł. Jerzy Katolik ; Fundacja Edukacyjna Przedsiębiorczości _nT. 2. |
| 246 |
_iTyt. oryg.: _aPrinciples of corporate finance |
||
| 260 |
_aWarszawa : _bWydaw. Naukowe PWN, _c1999. |
||
| 300 |
_aS. [765]-1467, [1] : _bil. ; _c25 cm. |
||
| 490 | 1 | _aPrzedsiębiorczość | |
| 500 | _aTyt. oryg.: "Principles of corporate finance" 1996. | ||
| 504 | _aBibliogr. przy rozdz. | ||
| 650 | 9 |
_aPrzedsiębiorstwo _xfinanse |
|
| 700 | 1 | _aMYERS, Stewart C. | |
| 700 | 1 |
_aKATOLIK, Jerzy. _eTł. |
|
| 710 | 0 | _aFundacja Edukacyjna Przedsiębiorczości (Łódź) | |
| 830 | _aPrzedsiębiorczość | ||
| 020 | _a8301127279 (2 t.) | ||
| 040 | _cBPK | ||
| 041 | 1 |
_apol _heng |
|
| 080 | _a658.14/.17 | ||
| 920 | _a83-01-12727-9 (2 t.) | ||
| 942 | _cKS | ||
| 008 | s pl f |000 0 pol | ||
| 999 |
_c45451 _d45451 |
||
| 856 |
_uhttp://koha.tu.koszalin.pl/cgi-bin/koha/opac-detail.pl?biblionumber=45451 _yKatalog online BPK |
||